Qualitative data analysis : a methods sourcebook
Αποθηκεύτηκε σε:
| Κύριος συγγραφέας: | |
|---|---|
| Άλλοι συγγραφείς: | , |
| Μορφή: | Βιβλίο |
| Γλώσσα: | English |
| Δημοσίευση: |
Thousand Oaks, Califorinia :
Sage,
2014.
|
| Έκδοση: | 3η έκδ. |
| Θέματα: | |
| Ετικέτες: |
Προσθήκη ετικέτας
Δεν υπάρχουν, Καταχωρήστε ετικέτα πρώτοι!
|
MARC
| LEADER | 00000nam a2200000 a 4500 | ||
|---|---|---|---|
| 001 | 1/107451 | ||
| 008 | 150715s2014####cauad ||| |||| ||eng|| | ||
| 020 | |a 9781452257877 | ||
| 040 | |a GR-MyUa |b gre |c GR-MyUa |e AACR2 | ||
| 041 | 0 | |a eng | |
| 082 | 7 | |a 300.723 |2 (23) | |
| 100 | 1 | |a Miles, Matthew B. | |
| 245 | 1 | 0 | |a Qualitative data analysis : |b a methods sourcebook / |c Matthew B. Miles, A. Michael Huberman, Johnny Saldana. |
| 250 | |a 3η έκδ. | ||
| 260 | |a Thousand Oaks, Califorinia : |b Sage, |c 2014. | ||
| 300 | |a xxiii, 381 σ. : |b διαγρ. ; |c 30 εκ. | ||
| 504 | |a Περιλαμβάνει βιβλιογραφία (σ. 363-368) και ευρετήριο. | ||
| 505 | 8 | |a Introduction -- Research design and management -- Ethical issues in analysis -- Fundamentals of qualitative data analysis -- Designing matrix and network displays -- Methods of exploring -- Methods of describing -- Methods of ordering -- Methods of explaining -- Methods of predicting -- Drawing and verifying conclusions -- Writing about qualitative research -- Closure. | |
| 650 | 0 | |a Social sciences |x Research. | |
| 700 | 1 | |a Huberman, A. M. | |
| 700 | 1 | |a Saldana, Johnny. | |
| 852 | |a INST |b LESVOS |c BK |e 20150715 |h 300.723 MIL |p 005100057060 |q 005100057060 |t BK |y 0 | ||
| 922 | |a 1ΕΛΗ |b 2015-04 |c Τμήμα Κοινωνιολογίας |d Διαδρομές | ||
| 970 | |a Τζαφέρη |b Ευαγγελία |z 16-07-2015 | ||